Trayectoria reciente y perspectivas futuras de la industria naval pesada argentina (Registro nro. 34687)

Detalles MARC
000 -LEADER
fixed length control field 00424 a2200121 4500
001 - CONTROL NUMBER
control field ART_45132
005 - DATE AND TIME OF LATEST TRANSACTION
control field 20260410162039.0
008 - FIXED-LENGTH DATA ELEMENTS--GENERAL INFORMATION
fixed length control field 260409a
100 1# - MAIN ENTRY--PERSONAL NAME
Personal name Frassa, Juliana
245 10 - TITLE STATEMENT
Title Trayectoria reciente y perspectivas futuras de la industria naval pesada argentina
700 1# - ADDED ENTRY--PERSONAL NAME
Personal name Russo, Cintia
773 0# - HOST ITEM ENTRY
Title Revista de estudios regionales y mercado de trabajo
Related parts - Nº 8 (ene./dic. 2012)
Record control number REV44894

No hay ítems disponibles.